| 000 | 02110nam a22003137a 4500 | ||
|---|---|---|---|
| 003 | DO-SdBNP | ||
| 005 | 20220301112034.0 | ||
| 008 | 210721b 2020 dr a c 00| 0 eng d | ||
| 020 | _a9789945613681 | ||
| 040 |
_aDO-SdBNP _bspa _cBPMSU |
||
| 082 |
_a307.76097293 _bB142n 2020 _222 |
||
| 100 | 1 | _aBáez Pérez, Rafael «Cucullo», | |
| 245 | 1 | 0 |
_aNibaje, Marilópez y la Cruz de Marilópez / _cRafael «Cucullo» Báez Pérez ; prólogo : Ramón Morel Cerda ; edición : Aimara Vera Riverón. |
| 260 |
_aSanto Domingo : _bArchivo General de la Nación, _c2020. |
||
| 300 |
_a180 p. : _bil., retrs. ; _c22 cm. |
||
| 490 | 0 |
_aArchivo General de la Nación ; _aCuadernos populares ; _v8 |
|
| 505 | 0 | _aDedicatoria -- Agradecimientos -- Prólogo / Ramón Morel Cerda -- Datos del autor -- Nibaje, Marilópez y la Cruz de Marilópez. Forjadores de cultura e identidad nacional -- Nibaje -- ¿De dónde desciende el nombre de Nibaje? -- Comienza mi recorrido por ese añejo y querido barrio de Santiago de los Caballeros -- Marilópez -- El terremoto de 1946 -- La Cruz de Marilópez -- Los Jazmines -- El deporte -- Los paseos y las giras -- Bailes hogareños -- El Carnaval y día de San Andrés en el barrio -- Intercambio alimentario de Viernes Santo -- Los apodos en la avenida -- El humor y los humoristas -- Personajes pintorescos, -- Travesuras infantiles -- Modernidad del transporte -- La migración -- Los cuentos del barrio -- La nueva generación -- Modernización vial -- Una acotación necesaria | |
| 590 | _aInventariado, 2021 /VM | ||
| 650 | 4 |
_aCiudades y pueblos _xHistoria _zRepública Dominicana |
|
| 650 | 4 |
_aSociología urbana _zRepública Dominicana |
|
| 650 | 4 |
_aIdentidad cultural _zRepública Dominicana |
|
| 651 | 4 |
_aNibaje (Santiago de los Caballeros ) _xHistoria local _zRepública Dominicana |
|
| 700 | 1 |
_aMorel Cerda, Ramón, _eprólogo |
|
| 700 | 1 |
_aVera Riverón, Aimara, _eedición |
|
| 710 | 2 | _aArchivo General de la Nación (República Dominicana) | |
| 830 |
_aArchivo General de la Nación ; _pCuadernos Populares _n8 |
||
| 910 | _aVMateo V. | ||
| 942 |
_2ddc _cBK |
||
| 999 |
_c13645 _d13645 |
||